000 00431nam a22001577a 4500
005 20241026162016.0
008 241026b |||||||| |||| 00| 0 eng d
020 _a9964502435
100 _aOfori-Boateng J.
245 _aThe Ghana Law of Evidence
250 _aSecond Edition
260 _aAccra
_bWaterville Publishing House
_c1993
300 _axxxv, 444 pages
_bappendix
_c21.5 cm
650 _2Law
_vEvidence
942 _2lcc
_cBK
_n0
999 _c255
_d255